Handheld and ubiquitous computing : Second International Symposium, HUC 2000, Bristol, UK, September 25-27, 2000 : proceedings /

Bibliographic Details
Corporate Author: International Symposium on Handheld and Ubiquitous Computing Bristol, England
Other Authors: Gellersen, Hans-W, Thomas, Peter J., 1961-
Format: Conference Proceeding Book
Language:English
Published: Berlin ; New York : Springer, [2000]
Series:Lecture notes in computer science ; 1927.
Subjects:

MARC

Tag First Indicator Second Indicator Subfields
LEADER 00000pam a22000004a 4500
001 in00001574425
005 20210918063149.0
008 000906s2000 gw a b 101 0 eng
010 |a  00046414  
020 |a 3540410937 (softcover) 
035 |a (OCoLC)ocm44979684 
040 |a DLC  |c DLC  |d TXA  |d UtOrBLW 
042 |a pcc 
049 |a TXAM 
050 0 0 |a QA76.5  |b .I584 2000 
082 0 0 |a 004.16  |2 21 
111 2 |a International Symposium on Handheld and Ubiquitous Computing  |n (2nd :  |d 2000 :  |c Bristol, England) 
245 1 0 |a Handheld and ubiquitous computing :  |b Second International Symposium, HUC 2000, Bristol, UK, September 25-27, 2000 : proceedings /  |c Peter Thomas, Hans-W. Gellersen (eds.). 
264 1 |a Berlin ;  |a New York :  |b Springer,  |c [2000] 
264 4 |c ©2000 
300 |a x, 247 pages :  |b illustrations ;  |c 24 cm. 
336 |a text  |b txt  |2 rdacontent 
337 |a unmediated  |b n  |2 rdamedia 
338 |a volume  |b nc  |2 rdacarrier 
490 1 |a Lecture notes in computer science ;  |v 1927 
504 |a Includes bibliographical references and index. 
650 0 |a Pocket computers  |v Congresses. 
650 0 |a Wearable computers  |v Congresses. 
700 1 |a Gellersen, Hans-W. 
700 1 |a Thomas, Peter J.,  |d 1961- 
830 0 |a Lecture notes in computer science ;  |v 1927. 
948 |a cataloged  |b h  |c 2000/12/14  |d c  |e dmitchel  |f 1:16:04 pm 
994 |a E0  |b TXA 
999 |a MARS 
999 f f |s d193b567-6a7c-34d2-95fa-6342d84f6250  |i 232d7d67-685b-3ea4-ad6c-595d277926b0  |t 0 
952 f f |p ric  |a Texas A&M University  |b Rellis Campus  |c Joint Library Facility  |d Remote Storage  |t 0  |e QA76.5 .I584 2000  |h Library of Congress classification  |i unmediated -- volume  |m A14827065361 
998 f f |a QA76.5 .I584 2000  |t 0  |l Remote Storage